| 000 | 01079nam a2200313 i 4500 | ||
|---|---|---|---|
| 001 | 180896 | ||
| 003 | ES-MaACL | ||
| 005 | 20250911062658.0 | ||
| 008 | 120814s2010 sp acf |||| | spa d | ||
| 020 | _a978-84-233-4350-8 | ||
| 080 | _a821.134.2-34"19" | ||
| 100 | 1 |
_aMatute, Ana María, _d1925-2014 _979165 |
|
| 245 | 1 | 3 |
_aLa puerta de la luna _b: cuentos completos / _cAna María Matute ; [introducción y compilación de María Paz Ortuño Ortín]. |
| 246 | 3 | 0 | _aCuentos completos |
| 250 | _a1ª ed. | ||
| 260 |
_aBarcelona : _bDestino, _c2010. |
||
| 300 |
_a[6] p. de lám. fot., 850 p., [6] p. de lám. ; _c23 cm. |
||
| 490 | 1 |
_aDestino clásicos ; _v8 |
|
| 490 | 1 | _aÁncora y delfín | |
| 500 | _aÍndices. | ||
| 700 | 1 |
_aOrtuño Ortín, María Paz. _9151297 |
|
| 830 | 0 |
_aDestino clásicos ; _v8 _9224654 |
|
| 830 | 0 | 0 |
_aÁncora y Delfín _9151298 |
| 830 | 0 |
_aÁncora y Delfín _9151298 |
|
| 852 |
_aES-MaACL _jA-12175 _9187775 _bR.147153 _cDEPO1 _dOlim: N-5180 |
||
| 942 |
_2udc _cMONOGRAFIA |
||
| 999 |
_c180896 _d180896 |
||